Normal view
MARC view
- Family life. Divorce
Entry Topical Term
001 - CONTROL NUMBER
- control field: 87053
003 - CONTROL NUMBER IDENTIFIER
- control field: OSt
005 - DATE AND TIME OF LATEST TRANSACTION
- control field: 20260113100739.0
008 - FIXED-LENGTH DATA ELEMENTS
- fixed length control field: 260113|| aca||aabn | a|a d
040 ## - CATALOGING SOURCE
- Original cataloging agency: OSt
- Transcribing agency: OSt
150 ## - HEADING--TOPICAL TERM
- Topical term or geographic name as entry element: Family life. Divorce
670 ## - SOURCE DATA FOUND
- Source citation: Work cat.: (OSt)50021: (Khmer) a family after all / , 2023.